Statistics for Romania... or Chad?

Click here to take the quiz!

General Stats

  • This quiz has been taken 153 times
  • The average score is 7 of 16

Answer Stats

QuestionAnswer% Correct
Is LandlockedChad
78%
Whose country was previously or currently under Communist ruleRomania
73%
Whose citizens have won at least one Nobel LaureateRomania
71%
What Country's Flag is in the Thumbnail?Romania
69%
Has at least one billionaireRomania
58%
Is currently a monarchyNeither
52%
Whose most popular sport is football (soccer)Both
43%
One Nickname is "The Babel Tower of the World"Chad
43%
Whose country has its own equivalent of Mount Rushmore which contains a major leader.Romania
37%
Whose lowest point is lower than sea level (0m)Chad
34%
Has a designated Underground CityNeither
31%
Whose highest peak stands taller than 3,000 metersChad
25%
Contains the most coal reserves in their respective continentNeither
25%
Was at one point controlled by the British Empire, partly or fully.Neither
24%
Has more than one UNESCO World Heritage SiteBoth
19%
Whose country officially speaks a Romance LanguageBoth
17%

Score Distribution

Percentile by Number Answered

Percent of People with Each Score

Your Score History

You have not taken this quiz